Inventario del porvenir (Record no. 64834)

MARC details
000 -LEADER
campo de control de longitud fija 00659nam a2200217 i 4500
001 - NÚMERO DE CONTROL
campo de control 64834
003 - IDENTIFICADOR DE NÚMERO DE CONTROL
campo de control ES-MaACL
005 - FECHA Y HORA DE LA ÚLTIMA TRANSACCIÓN
campo de control 20230906165225.0
007 - CAMPO FIJO DE DESCRIPCIÓN FÍSICA--INFORMACIÓN GENERAL
campo de control de longitud fija t|
008 - DATOS DE LONGITUD FIJA--INFORMACIÓN GENERAL
campo de control de longitud fija 040105s1966 sp ||||1| spa d
100 1# - ENTRADA PRINCIPAL--NOMBRE DE PERSONA
Nombre de persona Fourastie, Jean.
9 (RLIN) 182927
245 10 - MENCIÓN DEL TÍTULO
Título Inventario del porvenir
Resto del título : las 40.000 horas /
Mención de responsabilidad, etc. Jean Fourastie ; [traducción de Roberto Bieger].
260 ## - PUBLICACIÓN, DISTRIBUCIÓN, ETC.
Lugar de publicación, distribución, etc. Madrid :
Nombre del editor, distribuidor, etc. Cid,
Fecha de publicación, distribución, etc. [1966]
300 ## - DESCRIPCIÓN FÍSICA
Extensión 336 p. ;
Dimensiones 20 cm.
490 1# - MENCIÓN DE SERIE
Mención de serie Esquemas del futuro
700 1# - ENTRADA AGREGADA--NOMBRE PERSONAL
Nombre de persona Bieger, Roberto.
9 (RLIN) 28802
830 0# - PUNTO DE ACCESO ADICIONAL DE SERIE-TÍTULO UNIFORME
Título uniforme Esquemas del futuro
9 (RLIN) 180968
852 ## - LOCALIZACIÓN
Ubicación ES-MaACL
Número de control de estantería C-29899
Sublocalización o colección R.60521
852 ## - LOCALIZACIÓN
Ubicación ES-MaACL
Número de control de estantería C-30784
Sublocalización o colección R.60298
Holdings
Estatus retirado Estado de pérdida Estado de daño No para préstamo Biblioteca de origen Biblioteca actual Ubicación en estantería Fecha de adquisición Fuente de adquisición Total de préstamos Signatura topográfica completa Código de barras Visto por última vez Precio de reemplazo Tipo de ítem Koha
        Biblioteca del Ateneo de Madrid Biblioteca del Ateneo de Madrid Depósito 2 17/01/2008     C-30784 1067931 23/02/2023 23/02/2023 Libro impreso
        Biblioteca del Ateneo de Madrid Biblioteca del Ateneo de Madrid Depósito 2 17/01/2008     C-29899 1067930 23/02/2023 23/02/2023 Libro impreso